| 000 | 00468nam a2200145Ia 4500 | ||
|---|---|---|---|
| 008 | 220216s9999 xx 000 0 und d | ||
| 100 | _aGeorge B | ||
| 245 | 0 | _aDelayed action peroxide vulcanisation of EPDM | |
| 260 | _bInternational Rubber Conference & Exhibition: Emerging Trends & Opportunities in Rubber Industry, 17-19 November 2010, Mumbai | ||
| 520 | _aArticle only | ||
| 650 | _aEPDM | ||
| 650 | _aPeroxide vulcanisation | ||
| 700 | _aAlex R | ||
| 942 | _cJS | ||
| 999 |
_c56784 _d56784 |
||